00625nam a2200169 a 450000100100000000500170001000800410002704000250006808200220009310000410011524500740015625000110023026000820024130000200032349000560034383000560039900002844220240305083702.0110408s1974 dr a r 000 0 spa d aDO-SdBNPbspacBNPHU axxxxbA594e, 19741 aAngulo Guridi, Alejandro,d1823-190610aExclusivismo y fraternidad de los pueblos /cAlejandro Angulo Guridi. a2a ed. aSanto Domingo :bSociedad Dominicana de Bibliófilos,c1974.fEditora Taller a25 p. ;c19 cm.1 aSociedad dominicana de bibliófilosasegunda serie 0aSociedad dominicana de bibliófilospsegunda serie